Регионална библиотека "Любен Каравелов" - Русе

Емулсия (Запис номер 152221)

MARC детайли
000 -Лидер
Контролно поле с фиксирана дължина 01291nam a2200301 c 4500
003 - Код на организацията, давaща контролен номер
Контролно поле BLK
005 - Дата и час на последна редакция
Контролно поле 20180422113132.0
008 - Елементи от данни с фиксирана дължина
fixed length control field 180410b bul|||||r ||||||| ||bul||
010 ## - Наследен системен номер
LC control number KNG00158668000
040 ## - Източник на каталожния запис
Идентификатор на билиотеката - собственик на записа BLK
041 ## - Код за език
Код за езика на текст/звукозапис или на отделно заглавие Български
Код за езика КДБФ Български
080 ## - УДК
Текстов определител УДК Химическа технология. Химическа промишленост. Родствени отрасли
УДК код - определител по УДК 66
УДК определител (497.2)(092)
УДК - код + определител 66(497.2)(092)
080 ## - УДК
Текстов определител УДК Българска литература
УДК код - определител по УДК 821.163.2
УДК определител -32
УДК - код + определител 821.163.2-32
100 1# - Редна дума - Автор
Автор Бузин, Николай
Авторска отговорност първи автор
R(LIN) 369842
139 ## - Редно поле
Редна дума Бузин, Николай
Авторски знак Бу - Б 84
245 10 - Сведения за заглавието
Заглавие Емулсия
Подзаглавни данни Докум. повест за героя на социалист. труд проф. Михаил Герасимов
Редно поле (дума) Николай Бузин.
257 ## - Страна на издаване
Страна на създаване/издаване България
260 ## - Област на издателските данни
-- Пловдив
Име на издателя, разпространителя и проч. Христо Г. Данов
Година на издаване 1990
Печатница Хасково : Ат. Стратиев
300 ## - Физическа характеристика
Страници 147 с.
Размери/Мащаб 20 см
380 ## - Жанр
Жанр Техника
650 #4 - Допълнително описание по предмет – тема
Основно описание – тема или топоним Химици, български
9 (RLIN) 286421
653 ## - Ключова дума – ненормативна
Ключова дума български химици
852 ## - Местоположение
Форматна сигнатура 163367
856 4# - Електронен адрес и достъп
Електронен формат pdf - файл
Път до файла /url/
856 4# - Електронен адрес и достъп
Електронен формат pdf - файл
Път до файла /url/
942 ## - АРТИКУЛИ
Вид на библиотечния материал Книги
Скрит в OPAC Не
944 ## - СЪЗДАВАНЕ И РЕДАКЦИЯ на ЗАПИСА
Създаване/Редакция Създаване
Дата на регистрацията/редакция 26.03.2014
Статус, дата на статуса 26.03.2014 - от С1,Р / 26.03.2014
Служител, извършил регистрацията/редакцията Ивелин_Милков
944 ## - СЪЗДАВАНЕ И РЕДАКЦИЯ на ЗАПИСА
Създаване/Редакция Редакция
Дата на регистрацията/редакция 26.03.2014
Статус, дата на статуса 26.03.2014 - от С1,Р / 26.03.2014
Служител, извършил регистрацията/редакцията
999 ## - СИСТЕМНИ КОНТРОЛНИ НОМЕРА
Koha biblionumber 152221
Koha biblioitemnumber 152221
Наличности
Код за отписване Код за изгубен артикул Източник на класификационната схема Код за повреда Коз за рестрикции Код за отдаване Артикулен № Име на библиотеката - собственик Име на библиотеката, в която се намира в момента Статус (Текущо местоположение) Дата на вписване в системата Местоположение - отдел Цена в лева Инвентарен номер Систематично азбучна сигнатура Баркод Номер на екземпляра Цена в евро Служебна бележка Служебен тип на артикула
  Не е изгубен Universal Decimal Classification Не е повреден без рестрикции ползва се в читалня 254126 Регионална библиотека "Любен Каравелов" Русе Регионална библиотека "Любен Каравелов" Русе Хранилище 1990-01-01 Хранилище 0.83 534660 163367 120000534660 1 0.42 N: стар фонд Дата: 01.01.1990 Книги
Vip Innovations Ltd, Rousse, Bulgaria 2025